Racing Club de Strasbourg | Effectif Ligue 1 - 2024/2025 - Statistiques

Statistiques générales
  • Ce quiz a été pris 271 fois
    161 depuis la dernière actualisation
  • Le résultat moyen est 18 sur 27
Statistiques - réponses
Poste Joueurs Nationalité Numéro % Correct
Attaquant Emanuel Emegha 10
94%
Gardien de but Djordje Petrovic 1
90%
Attaquant Diego Moreira 7
89%
Milieu de terrain Andrey Santos 8
88%
Défenseur Ismaël Doukouré 29
83%
Milieu de terrain Sebastian Nanasi 15
82%
Défenseur Guéla Doué 22
80%
Milieu de terrain Habib Diarra 19
79%
Défenseur Valentín Barco 32
78%
Attaquant Dilane Bakwa 26
76%
Gardien de but Karl-Johan Johnsson 30
75%
Coach Liam Rosenior
75%
Gardien de but Alaa Bellaarouch 36
74%
Défenseur Mamadou Sarr 23
74%
Défenseur Eduard Sobol 77
73%
Défenseur Abakar Sylla 5
71%
Milieu de terrain Félix Lemaréchal 6
62%
Attaquant Sékou Mara 14
59%
Défenseur Thomas Delaine 3
58%
Défenseur Andrew Omobamidele 2
53%
Attaquant Moïse Sahi Dion 11
46%
Attaquant Abdoul Ouattara 42
45%
Attaquant Samuel Amo-Ameyaw 27
45%
Attaquant Óscar Perea 20
41%
Milieu de terrain Pape Diong 17
38%
Milieu de terrain Tidiane Diallo 35
27%
Défenseur Yoni Gomis 25
18%
Aucun quiz correspondant
Distribution des résultats
% des personnes avec chaque résultat
Percentile par nombre de réponses
Votre historique - résultats
Vous n’avez pas pris ce quiz depuis la dernière actualisation